| 000 | 00747nam a2200241 a 4500 | ||
|---|---|---|---|
| 001 | 000020016 | ||
| 005 | 20200929170230.0 | ||
| 008 | 100712s1969 sp 001 p spa d | ||
| 040 |
_aDO-SdBNP _bspa _cBNPHU |
||
| 082 |
_a861.6 _bP393a, 1969 |
||
| 100 | 1 |
_aPemán, José María, _d1897-1981 _98191 |
|
| 245 | 1 | 3 |
_aAntología de poesía lírica / _cJosé María Pemán. |
| 250 | _a3a ed. | ||
| 260 |
_aMadrid : _bEspasa-Calpe, _c1969. |
||
| 300 |
_a143p. ; _c18 cm. |
||
| 490 | 1 |
_aAustral. Violeta: teatro y poesía _v1240 |
|
| 500 | _aIncluye índice de autores. | ||
| 650 | 4 |
_aPoesía española _9631 |
|
| 650 | 4 |
_aLiteratura española _9632 |
|
| 830 | 0 |
_aAustral. _pVioleta: teatro y poesía ; _v1240 _939559 |
|
| 910 | _aWM | ||
| 049 | _aBNGR | ||
| 999 |
_c19528 _d19528 |
||